Institutions, discourse and regional development < the> Scottish Development Agency and the politics of regional policy
Salvato in:
| Autore principale: | |
|---|---|
| Natura: | Libro |
| Lingua: | inglese |
| Pubblicazione: |
Brussels
P.I.E.-Peter Lang
2006
|
| Serie: | Regionalism and federalism
8 |
| Soggetti: | |
| Tags: |
Nessun Tag, puoi essere il primo ad aggiungerne!!
|
MARC
| LEADER | 00000nam$a2200000$$$4500 | ||
|---|---|---|---|
| 001 | 0097409 | ||
| 005 | 20240314085800.7 | ||
| 020 | |a 90-5201-275-X | ||
| 022 | |a 1379-4507 | ||
| 041 | 0 | |a eng | |
| 044 | |a BE | ||
| 245 | 1 | 0 | |a Institutions, discourse and regional development |b < the> Scottish Development Agency and the politics of regional policy |c Henrik Halkier |
| 264 | 1 | |a Brussels |b P.I.E.-Peter Lang |c 2006 | |
| 300 | |a 598 s. | ||
| 490 | 1 | |a Regionalism and federalism |v 8 | |
| 830 | 0 | |a Regionalism and federalism |v 8 | |
| 610 | 2 | 0 | |a politika regionálna |
| 610 | 2 | 0 | |a rozvoj regionálny |
| 610 | 2 | 0 | |a inštitúcie verejnoprávne |
| 610 | 2 | 0 | |a sektory hospodárske |
| 610 | 2 | 0 | |a priemysel |
| 610 | 2 | 0 | |a investície |
| 610 | 2 | 0 | |a politika |
| 610 | 2 | 0 | |a agentúry |
| 610 | 2 | 0 | |a Škótsko |
| 100 | 1 | |a Halkier, Henrik | |